000 00676nam a2200253Ia 4500
003 OSt
005 20221005032047.0
006 a|||||r|||| 00| 0
007 ta
008 221004b |||||||| |||| 00| 0 tam d
020 _c01.25
024 _a63471
037 _cTextual
040 _aCRL
_cCRL
_btam
041 _2tam
_atam
082 _aS5, 31K21
100 _aRamanadhan Vikaru. Au.
_9584749
245 0 _aThambathigalukku Silla Aalosanaigal
260 _aChennai
_bVaanathi Pathippagam India
_c1962
300 _a100p.
_ccm.
650 _aPSYCHOLOGY
942 _hS5, 31K21
_cTEXL
_2cc
999 _c939034
_d939034